|
|
|
|
| LEADER |
00000nam a2200000Ia 4500 |
| 008 |
180420b2002 c ||||| |||| 00| | spa d |
| 999 |
|
|
|c 1791
|d 1791
|
| 090 |
|
|
|a 06.03.06
|b 387
|
| 100 |
1 |
|
|a Wolff, Laurence
|9 461
|
| 245 |
1 |
3 |
|a La educación primaria en América Latina: la agenda inconclusa /
|c Laurence Wolff, Ernesto Schiefelbein, Paulina Schiefelbein
|
| 260 |
|
|
|a Santiago, Chile :
|b PREAL,
|c [2002]
|
| 300 |
|
|
|a 24 páginas
|
| 490 |
|
|
|a Documentos,
|v 24
|
| 650 |
|
0 |
|a EDUCACIÓN PRIMARIA
|9 367
|
| 650 |
|
0 |
|a RENDIMIENTO ACADÉMICO
|9 1095
|
| 700 |
1 |
|
|a Schiefelbein, Ernesto
|9 3595
|
| 700 |
1 |
|
|a Schiefelbein, Paulina
|9 3596
|
| 942 |
|
|
|i 00638
|h 06.03.06 387
|2 z
|c 01
|